000 00966nam a2200265Ia 4500
003 OSt
005 20221005112147.0
006 a|||||r|||| 00| 0
007 ta
008 221004b |||||||| |||| 00| 0 pan d
020 _a9789387711051 (hbk)
_cINR 160.00
024 _a44789
037 _b1055, 08/02/2019, H.K. Prakashan
_cTextual
040 _aCRL
_cCRL
_bpan
041 _2pan
_apan
082 _aO153,3N321:g, Q8
100 _aਕੌਰ, ਪਰਮਜੀਤ, ਂਚ.
245 0 _aਅਣਖੀ ਰਚਿਤ ਨਾਵਲ ਪਰਤਾਪੀ
260 _aਅੰਮ੍ਰਿਤਸਰ
_bਕੇ. ਜੀ. ਗ੍ਰਾਫਿਕਸ ਭਾਰਤ
_c2018
300 _a112ਪ੍ਰ0
_ccm.
650 _a ਪੰਜਾਬੀ ਕਹਾਣੀ
650 _aਪੰਜਾਾਬੀ ਸਾਹਿਤ
942 _hO153,3N321:g, Q8
_cTEXL
_2cc
999 _c1024017
_d1024017